000 01009nam a22001935i 4500
001 160399
003 ES-MaACL
005 20251014063232.0
008 010201m18891895fr af |||| | fre d
040 _aCAM
_bspa
_cCAM
100 1 _aMüntz, Eugène,
_d1845-1902
_9130373
245 1 0 _aHistoire de l'art pendant la Renaissance /
_cpar Eugène Müntz.
260 _aParis :
_bLibrairie Hachette et C.,
_c1889-1895 (
_fImprimerie Lahure)
300 _a3 v. :
_bil., lám. ;
_c30 cm.
505 8 _aT.I. Italie : les primitifs (744 p., [32 ] h. de lám.) -- T. II. Italie : L'Age d'or (864 p., [37] h. de lám.) -- T. III. La fin de la Renaissance, Michel-Ange, Le Corrège, les Vènitiens (757 p., [30] h. de lám.)
650 0 4 _aArte renacentista-
_zItalia
_910293
852 _aES-MaACL
_jB-3832-3834
_z-- Enc. pasta española, conservando las cubs. originales
_x-- Edic.: T. I. (744 p., [33] h. lám.) -- T. II. (864 p., [37] h. lám.) -- T. III. (757 p., [30] h. lám.)
999 _c160399
_d160399